000 01400nam0a2200325 4500
001 RU\NLR\bibl\1070079
005 20260409064122.0
010 _a10: 5-94087-661-7
010 _a13: 978-5-94087-661-8
_93000
021 _aRU
_b2007-11931
_9632
035 _a(NLR Aleph) 001057312
090 _a916394
_c916394
100 _a20070409d2007 |||y0rusy50 ca
101 0 _arus
102 _aRU
105 _ay |||||||||
200 1 _aВодный кодекс Российской Федерации
_e[по состоянию на 1 февраля 2007 года]
205 _aНовая ред.
_bвступила в силу с 1 января 2007 г.
210 _aНовосибирск
_cСибирское университетское изд-во
_d2007
215 _a60, [1] с.
_d21
225 1 _aСерия: Кодексы и законы России
604 _171001$aРоссийская Федерация
_150011$aВодный кодекс$2nlr_sh2$3RU\NLR\AUTH\661263600
_aРоссийская Федерация
_tВодный кодекс
_92087437
_3RU\NLR\AUTH\661263600
686 _aХ625.8-324.9(2Р)
740 1 _aРоссийская Федерация
_tЗаконы
_iВодный кодекс
_3RU\NLR\AUTH\880379501
_9425399
801 0 _aRU
_bNLR
_c20070409
_gRCR
801 1 _aRU
_bNLR
_c20070409
942 _cBOOK
980 _aNB